| 000 | 00515nam a2200133Ia 4500 | ||
|---|---|---|---|
| 008 | 200302s9999 xx 000 0 und d | ||
| 020 | _a9780128157992 | ||
| 245 |
_cEdited by Sarwag Beg, Md Saquib Hasnain.-- _aPharmaceutical quality by design : _bprinciples and applications / |
||
| 260 |
_aUnited Kingdom: _bAcademic Press _c2019 |
||
| 300 |
_axxi, 426 pages : _bcolored illustrations; |
||
| 500 | _aIncludes index. | ||
| 650 | _a Drug development -- Quality control. | ||
| 650 | _aDrugs -- Design -- Quality control. | ||
| 999 |
_c363039 _d363039 |
||